000
00325nam a22001457a 4500
008
210607b ||||| |||| 00| 0 eng d
020
_a
9780192622525
041
_a
eng
080
_a
61
082
_a
61
100
_a
3
101
_a
SHM
245
_a
International Surgical Practice
_c
Frank J. Branicki
942
_2
udc
_c
BK
999
_c
58022
_d
58022